GREAT ONES A BUSINESS FABLE THE TRANSFOR (Record no. 30301)
[ view plain ]
| 000 -LEADER | |
|---|---|
| fixed length control field | 00348nam a2200133Ia 4500 |
| 008 - FIXED-LENGTH DATA ELEMENTS--GENERAL INFORMATION | |
| fixed length control field | 240624s9999 xx 000 0 und d |
| 041 ## - LANGUAGE CODE | |
| Language code of text/sound track or separate title | eng |
| 082 ## - DEWEY DECIMAL CLASSIFICATION NUMBER | |
| Classification number | 658.3124 GOL |
| 100 ## - MAIN ENTRY--PERSONAL NAME | |
| Personal name | GOLDSBOROUGH RIDGELY |
| 245 ## - TITLE STATEMENT | |
| Title | GREAT ONES A BUSINESS FABLE THE TRANSFOR |
| 260 ## - PUBLICATION, DISTRIBUTION, ETC. | |
| Date of publication, distribution, etc. | 2009 |
| Place of publication, distribution, etc. | New Jersey |
| Name of publisher, distributor, etc. | Wiley |
| 300 ## - PHYSICAL DESCRIPTION | |
| Extent | xx, 236 p.; 23 cm. |
| 365 ## - TRADE PRICE | |
| Currency code | |
| Price amount | 28 |
| Withdrawn status | Lost status | Damaged status | Not for loan | Home library | Current library | Shelving location | Date acquired | Cost, normal purchase price | Full call number | Barcode | Date last seen | Copy number | Price effective from | Koha item type |
|---|---|---|---|---|---|---|---|---|---|---|---|---|---|---|
| IMTN | IMTN | Rack 26-A | 03/08/2018 | 22.95 | 658.3124 GOL | 30301 | 06/24/2024 | 66.5 | 06/24/2024 | Books |